[Event "69th RUS-ch Women Higher League 2019"]
[Site "Yaroslavl"]
[Date "2019.07.06"]
[Round "9.19"]
[White "Maltsevskaya, Aleksandra"]
[Black "Faizutdinova, Diana"]
[Result "1-0"]
[WhiteElo "2316"]
[BlackElo "2061"]
[Annotator "NA"]
[PlyCount "67"]
[EventDate "2019.06.27"]
[EventType "swiss"]
[EventCountry "RUS"]
[SourceTitle "playchess.com"]
[Source "ChessBase"]
[SourceQuality "1"]
[TimeControl "40/5400+30:1800+30"]

1. e4 {[%emt 0:00:00]} d5 {[%emt 0:00:00]} 2. exd5 {[%emt 0:00:00]} Qxd5 {[%emt 0:00:00]} 3. Nf3 {[%emt 0:00:00]} Bg4 {[%emt 0:01:29]} 4. Be2 {[%emt 0:00:11]} Nf6 {[%emt 0:06:06]} 5. d4 {[%emt 0:00:15]} Nc6 {[%emt 0:06:27]} 6. h3 {[%emt 0:08:59]} Bxf3 {[%emt 0:21:33]} 7. Bxf3 {[%emt 0:00:05]} Qe6+ {[%emt 0:00:07]} 8. Be3 {[%emt 0:02:25]} Nd5 {[%emt 0:00:06]} 9. Qe2 {[%emt 0:01:44]} Nxe3 {[%emt 0:02:44]} 10. fxe3 {[%emt 0:01:13]} Nd8 {[%emt 0:05:07]} 11. Nc3 {[%emt 0:02:25]} c6 {[%emt 0:04:34]} 12. O-O-O {[%emt 0:02:42]} g6 {[%emt 0:03:13]} 13. d5 {[%emt 0:10:23]} Qc8 {[%emt 0:11:29]} 14. Bg4 {[%emt 0:04:55]} f5 {[%emt 0:01:18]} 15. Bf3 {[%emt 0:03:33]} Bg7 {[%emt 0:03:41]} 16. dxc6 {[%emt 0:01:35]} Nxc6 {[%emt 0:03:57]} 17. Qc4 {[%emt 0:01:02]} Ne5 {[%emt 0:03:18]} 18. Qb5+ {[%emt 0:01:02]} Nc6 {[%emt 0:00:03]} 19. Nd5 {[%emt 0:09:37]} e6 {[%emt 0:06:10]} 20. Nf4 {[%emt 0:03:45]} Kf7 {[%emt 0:04:34]} 21. g4 {[%emt 0:06:22]} Rd8 {[%emt 0:04:08]} 22. Rxd8 {[%emt 0:04:30]} Nxd8 {[%emt 0:02:18]} 23. gxf5 {[%emt 0:00:10]} gxf5 {[%emt 0:00:34]} 24. Rd1 {[%emt 0:08:18]} Nc6 {[%emt 0:00:40]} 25. Rd6 {[%emt 0:04:37]} Qc7 {[%emt 0:01:11]} 26. Rxe6 {[%emt 0:00:07]} Ne5 {[%emt 0:02:34]} 27. Bh5+ {[%emt 0:00:44]} Kg8 {[%emt 0:00:38]} 28. Re8+ {[%emt 0:00:06]} Rxe8 {[%emt 0:00:04]} 29. Qxe8+ {[%emt 0:00:05]} Bf8 {[%emt 0:00:04]} 30. Qxf8+ {[%emt 0:00:21]} Kxf8 {[%emt 0:00:25]} 31. Ne6+ {[%emt 0:00:05]} Ke7 {[%emt 0:00:25]} 32. Nxc7 {[%emt 0:00:06]} Nc4 {[%emt 0:00:19]} 33. Nd5+ {[%emt 0:00:44]} Ke6 {[%emt 0:00:34]} 34. Bf3 {[%emt 0:00:06] Kxd5} 1-0

[Event "69th RUS-ch Women Higher League 2019"]
[Site "Yaroslavl"]
[Date "2019.07.06"]
[Round "9.20"]
[White "Tokmakova, Ulyana"]
[Black "Komiagina, Maria"]
[Result "0-1"]
[WhiteElo "1878"]
[BlackElo "2254"]
[Annotator "NA"]
[PlyCount "74"]
[EventDate "2019.06.27"]
[EventType "swiss"]
[EventCountry "RUS"]
[SourceTitle "playchess.com"]
[Source "ChessBase"]
[SourceQuality "1"]
[TimeControl "40/5400+30:1800+30"]

1. e4 {[%emt 0:00:00]} c5 {[%emt 0:00:00]} 2. b3 {[%emt 0:00:00]} b6 {[%emt 0:00:00]} 3. Bb2 {[%emt 0:00:00]} Bb7 {[%emt 0:00:00]} 4. Nc3 {[%emt 0:00:15]} Nc6 {[%emt 0:00:00]} 5. f4 {[%emt 0:01:24]} e6 {[%emt 0:00:14]} 6. Nf3 {[%emt 0:01:05]} a6 {[%emt 0:00:21]} 7. Be2 {[%emt 0:04:30]} Qc7 {[%emt 0:01:15]} 8. O-O {[%emt 0:01:11]} Qxf4 {[%emt 0:03:00]} 9. Nd5 {[%emt 0:03:27]} exd5 {[%emt 0:12:19]} 10. Ne5 {[%emt 0:00:56]} Qh4 {[%emt 0:05:21]} 11. Nxf7 {[%emt 0:01:23]} d4 {[%emt 0:00:18]} 12. Qe1 {[%emt 0:09:52]} Qe7 {[%emt 0:05:59]} 13. Bc4 {[%emt 0:06:19]} Nf6 {[%emt 0:06:01]} 14. Nxh8 {[%emt 0:01:12]} Ne5 {[%emt 0:00:46]} 15. Nf7 {[%emt 0:01:04]} Nxc4 {[%emt 0:08:54]} 16. bxc4 {[%emt 0:00:14]} Qxf7 {[%emt 0:00:18]} 17. e5 {[%emt 0:00:09]} O-O-O {[%emt 0:00:10]} 18. exf6 {[%emt 0:00:56]} Qg6 {[%emt 0:01:08]} 19. Qg3 {[%emt 0:01:42]} Qxc2 {[%emt 0:01:56]} 20. fxg7 {[%emt 0:06:55]} Bxg7 {[%emt 0:00:08]} 21. Qxg7 {[%emt 0:00:12]} Qxb2 {[%emt 0:00:04]} 22. Rab1 {[%emt 0:03:15]} Qxd2 {[%emt 0:00:07]} 23. Rxb6 {[%emt 0:00:20]} Qe3+ {[%emt 0:02:03]} 24. Kh1 {[%emt 0:00:11]} Kc7 {[%emt 0:05:33]} 25. Rfb1 {[%emt 0:01:49]} Be4 {[%emt 0:02:09]} 26. R6b3 {[%emt 0:15:42]} Qf4 {[%emt 0:00:08]} 27. Re1 {[%emt 0:14:10]} Re8 {[%emt 0:02:05]} 28. Rg1 {[%emt 0:04:04]} h5 {[%emt 0:06:08]} 29. Qg3 {[%emt 0:02:05]} Qxg3 {[%emt 0:01:14]} 30. Rxg3 {[%emt 0:00:13]} Re5 {[%emt 0:00:58]} 31. h3 {[%emt 0:01:04]} Bc6 {[%emt 0:01:27]} 32. Kh2 {[%emt 0:01:18]} Re2 {[%emt 0:00:13]} 33. Rg5 {[%emt 0:00:25]} d3 {[%emt 0:03:27]} 34. Rxc5 {[%emt 0:01:59]} d2 {[%emt 0:00:35]} 35. Rd1 {[%emt 0:01:44]} Rxg2+ {[%emt 0:00:19]} 36. Kh1 {[%emt 0:00:02]} Re2+ {[%emt 0:00:50]} 37. Kg1 {[%emt 0:00:23]} Re1+ {[%emt 0:00:18]} 0-1

[Event "69th RUS-ch Women Higher League 2019"]
[Site "Yaroslavl"]
[Date "2019.07.06"]
[Round "9.21"]
[White "Loskutova, Viktoriya"]
[Black "Utiatskaja, Irina"]
[Result "1/2-1/2"]
[WhiteElo "2019"]
[BlackElo "2192"]
[Annotator "NA"]
[PlyCount "81"]
[EventDate "2019.06.27"]
[EventType "swiss"]
[EventCountry "RUS"]
[SourceTitle "playchess.com"]
[Source "ChessBase"]
[SourceQuality "1"]
[TimeControl "40/5400+30:1800+30"]

1. e4 {[%emt 0:00:00]} e6 {[%emt 0:00:00]} 2. d4 {[%emt 0:00:00]} d5 {[%emt 0:00:00]} 3. Nd2 {[%emt 0:00:00]} c5 {[%emt 0:00:13]} 4. exd5 {[%emt 0:00:00]} Qxd5 {[%emt 0:00:06]} 5. Ngf3 {[%emt 0:00:00]} cxd4 {[%emt 0:00:18]} 6. Bc4 {[%emt 0:00:05]} Qd8 {[%emt 0:00:21]} 7. O-O {[%emt 0:00:13]} Nc6 {[%emt 0:00:37]} 8. Nb3 {[%emt 0:00:06]} a6 {[%emt 0:00:12]} 9. Nbxd4 {[%emt 0:00:43]} Nxd4 {[%emt 0:00:07]} 10. Nxd4 {[%emt 0:01:16]} Qc7 {[%emt 0:00:19]} 11. Qe2 {[%emt 0:06:11]} Bd6 {[%emt 0:01:46]} 12. h3 {[%emt 0:01:58]} Ne7 {[%emt 0:00:16]} 13. c3 {[%emt 0:05:19]} O-O {[%emt 0:02:29]} 14. a4 {[%emt 0:02:45]} Ng6 {[%emt 0:03:42]} 15. Bb3 {[%emt 0:12:20]} b6 {[%emt 0:04:37]} 16. Bc2 {[%emt 0:03:05]} Bb7 {[%emt 0:01:44]} 17. Be4 {[%emt 0:00:56]} Rad8 {[%emt 0:18:33]} 18. Bxb7 {[%emt 0:11:01]} Qxb7 {[%emt 0:00:06]} 19. Rd1 {[%emt 0:04:36]} Nf4 {[%emt 0:05:40]} 20. Bxf4 {[%emt 0:01:20]} Bxf4 {[%emt 0:00:08]} 21. g3 {[%emt 0:07:24]} Bg5 {[%emt 0:02:50]} 22. Qf3 {[%emt 0:03:00]} Qxf3 {[%emt 0:10:14]} 23. Nxf3 {[%emt 0:00:02]} Bf6 {[%emt 0:00:05]} 24. Kf1 {[%emt 0:00:14]} g6 {[%emt 0:03:17]} 25. Nd2 {[%emt 0:01:55]} b5 {[%emt 0:05:18]} 26. Ne4 {[%emt 0:02:07]} Be7 {[%emt 0:03:54]} 27. axb5 {[%emt 0:03:49]} axb5 {[%emt 0:01:31]} 28. Rxd8 {[%emt 0:00:45]} Rxd8 {[%emt 0:00:04]} 29. Ra7 {[%emt 0:00:19]} Kf8 {[%emt 0:00:13]} 30. Ke2 {[%emt 0:00:39]} b4 {[%emt 0:02:16]} 31. cxb4 {[%emt 0:04:17]} Rd4 {[%emt 0:05:19]} 32. Nc5 {[%emt 0:01:41]} Rxb4 {[%emt 0:00:26]} 33. Nd3 {[%emt 0:00:04]} Rb3 {[%emt 0:06:09]} 34. Ra8+ {[%emt 0:07:45]} Kg7 {[%emt 0:00:17]} 35. Kd2 {[%emt 0:00:04]} Rb6 {[%emt 0:04:51]} 36. Ra4 {[%emt 0:04:13]} e5 {[%emt 0:03:53]} 37. Nxe5 {[%emt 0:11:29]} Rxb2+ {[%emt 0:00:07]} 38. Ke1 {[%emt 0:00:08]} Rb1+ {[%emt 0:04:14]} 39. Ke2 {[%emt 0:00:20]} Bc5 {[%emt 0:00:58]} 40. Nd3 {[%emt 0:00:00]} Bd6 {[%emt 0:00:00]} 41. Rd4 {[%emt 0:01:21]} 1/2-1/2

[Event "69th RUS-ch Women Higher League 2019"]
[Site "Yaroslavl"]
[Date "2019.07.06"]
[Round "9.22"]
[White "Shaydullina, Sandugach"]
[Black "Matveeva, Olga"]
[Result "1/2-1/2"]
[WhiteElo "2128"]
[BlackElo "2189"]
[Annotator "NA"]
[PlyCount "139"]
[EventDate "2019.06.27"]
[EventType "swiss"]
[EventCountry "RUS"]
[SourceTitle "playchess.com"]
[Source "ChessBase"]
[SourceQuality "1"]
[TimeControl "40/5400+30:1800+30"]

1. d4 {[%emt 0:00:00]} Nf6 {[%emt 0:00:00]} 2. c4 {[%emt 0:00:00]} d6 {[%emt 0:00:00]} 3. Nf3 {[%emt 0:00:27]} g6 {[%emt 0:00:00]} 4. g3 {[%emt 0:00:10]} Bg7 {[%emt 0:00:00]} 5. Bg2 {[%emt 0:00:04]} O-O {[%emt 0:00:05]} 6. O-O {[%emt 0:00:06]} Nc6 {[%emt 0:00:03]} 7. Nc3 {[%emt 0:00:08]} a6 {[%emt 0:00:04]} 8. Bf4 {[%emt 0:00:21]} Rb8 {[%emt 0:03:47]} 9. Rc1 {[%emt 0:00:08]} Bd7 {[%emt 0:07:18]} 10. Nd5 {[%emt 0:10:54]} Nh5 {[%emt 0:06:49]} 11. Bg5 {[%emt 0:01:40]} h6 {[%emt 0:00:27]} 12. Be3 {[%emt 0:00:15]} e6 {[%emt 0:01:14]} 13. g4 {[%emt 0:05:11]} exd5 {[%emt 0:10:01]} 14. gxh5 {[%emt 0:00:05]} dxc4 {[%emt 0:01:30]} 15. hxg6 {[%emt 0:00:31]} fxg6 {[%emt 0:06:14]} 16. d5 {[%emt 0:00:16]} Ne7 {[%emt 0:08:39]} 17. Rxc4 {[%emt 0:00:28]} Nf5 {[%emt 0:00:21]} 18. Bc1 {[%emt 0:02:14]} Rc8 {[%emt 0:03:48]} 19. Qb3 {[%emt 0:04:20]} c5 {[%emt 0:04:55]} 20. e4 {[%emt 0:10:38]} b5 {[%emt 0:06:33]} 21. Rc2 {[%emt 0:00:41]} Nh4 {[%emt 0:00:51]} 22. Nxh4 {[%emt 0:00:48]} Qxh4 {[%emt 0:00:05]} 23. f4 {[%emt 0:00:42]} Bd4+ {[%emt 0:02:15]} 24. Kh1 {[%emt 0:00:04]} Rce8 {[%emt 0:01:46]} 25. Qd3 {[%emt 0:00:44]} Bg7 {[%emt 0:03:23]} 26. b3 {[%emt 0:01:30]} Kh7 {[%emt 0:00:25]} 27. Bd2 {[%emt 0:00:38]} Rf7 {[%emt 0:04:02]} 28. Be1 {[%emt 0:00:21]} Qd8 {[%emt 0:02:22]} 29. Bd2 {[%emt 0:01:07]} Ref8 {[%emt 0:02:09]} 30. Rcc1 {[%emt 0:00:14]} Qb6 {[%emt 0:02:33]} 31. Qg3 {[%emt 0:00:17]} Re7 {[%emt 0:04:29]} 32. Be3 {[%emt 0:00:31]} Qa5 {[%emt 0:05:12]} 33. e5 {[%emt 0:00:26]} Qxa2 {[%emt 0:02:16]} 34. exd6 {[%emt 0:00:21]} Ree8 {[%emt 0:00:47]} 35. Bxc5 {[%emt 0:00:35]} Re2 {[%emt 0:01:12]} 36. Bf3 {[%emt 0:00:49]} Rd2 {[%emt 0:01:16]} 37. b4 {[%emt 0:08:56]} Bf5 {[%emt 0:00:41]} 38. Rce1 {[%emt 0:00:15]} Bf6 {[%emt 0:05:16]} 39. d7 {[%emt 0:04:55]} Rf7 {[%emt 0:02:52]} 40. Be7 {[%emt 0:00:00]} Rxd5 {[%emt 0:00:00]} 41. Bxf6 {[%emt 0:13:41]} Rdxd7 {[%emt 0:01:44]} 42. Ba1 {[%emt 0:00:55]} Rf8 {[%emt 0:04:14]} 43. Qh4 {[%emt 0:02:34]} Rdf7 {[%emt 0:01:54]} 44. Be5 {[%emt 0:01:07]} Bd3 {[%emt 0:01:37]} 45. Bd6 {[%emt 0:04:30]} Bxf1 {[%emt 0:04:58]} 46. Bxf8 {[%emt 0:00:34]} Rxf8 {[%emt 0:00:19]} 47. Rxf1 {[%emt 0:01:32]} Qc4 {[%emt 0:00:35]} 48. Qe1 {[%emt 0:04:21]} Rxf4 {[%emt 0:01:27]} 49. Qd1 {[%emt 0:02:09]} Qxb4 {[%emt 0:01:17]} 50. Qd7+ {[%emt 0:00:15]} Kh8 {[%emt 0:00:14]} 51. Qc6 {[%emt 0:01:30]} Qc4 {[%emt 0:01:02]} 52. Qe8+ {[%emt 0:00:41]} Kh7 {[%emt 0:00:54]} 53. Re1 {[%emt 0:01:12]} Rf7 {[%emt 0:00:48]} 54. Kg2 {[%emt 0:03:49]} Qf4 {[%emt 0:00:59]} 55. Re3 {[%emt 0:03:15]} b4 {[%emt 0:01:13]} 56. h4 {[%emt 0:02:58]} h5 {[%emt 0:02:53]} 57. Rd3 {[%emt 0:03:12]} a5 {[%emt 0:01:18]} 58. Qb5 {[%emt 0:07:51]} Qf5 {[%emt 0:01:39]} 59. Qxf5 {[%emt 0:09:54]} Rxf5 {[%emt 0:00:05]} 60. Bc6 {[%emt 0:02:21]} Rc5 {[%emt 0:01:59]} 61. Rd7+ {[%emt 0:01:59]} Kg8 {[%emt 0:01:23]} 62. Ba4 {[%emt 0:00:58]} g5 {[%emt 0:00:46]} 63. hxg5 {[%emt 0:00:48]} Rxg5+ {[%emt 0:00:05]} 64. Kh3 {[%emt 0:00:16]} Kf8 {[%emt 0:01:23]} 65. Kh4 {[%emt 0:00:16]} Rc5 {[%emt 0:01:17]} 66. Rb7 {[%emt 0:00:49]} Re5 {[%emt 0:00:54]} 67. Ra7 {[%emt 0:00:52]} Rf5 {[%emt 0:00:51]} 68. Kg3 {[%emt 0:03:10]} Rc5 {[%emt 0:01:01]} 69. Kh4 {[%emt 0:00:46]} Re5 {[%emt 0:00:08]} 70. Rb7 {[%emt 0:01:40]} 1/2-1/2

[Event "69th RUS-ch Women Higher League 2019"]
[Site "Yaroslavl"]
[Date "2019.07.06"]
[Round "9.23"]
[White "Yakushina, Ekaterina"]
[Black "Mokshanova, Elizaveta"]
[Result "0-1"]
[WhiteElo "1783"]
[BlackElo "2020"]
[Annotator "NA"]
[PlyCount "66"]
[EventDate "2019.06.27"]
[EventType "swiss"]
[EventCountry "RUS"]
[SourceTitle "playchess.com"]
[Source "ChessBase"]
[SourceQuality "1"]
[TimeControl "40/5400+30:1800+30"]

1. d4 {[%emt 0:00:10]} Nf6 {[%emt 0:00:00]} 2. c4 {[%emt 0:00:32]} g6 {[%emt 0:00:00]} 3. Nc3 {[%emt 0:00:14]} Bg7 {[%emt 0:00:00]} 4. e4 {[%emt 0:00:48]} d6 {[%emt 0:00:00]} 5. Be2 {[%emt 0:00:10]} O-O {[%emt 0:00:00]} 6. Be3 {[%emt 0:00:07]} e5 {[%emt 0:01:35]} 7. d5 {[%emt 0:00:48]} a5 {[%emt 0:00:20]} 8. g4 {[%emt 0:00:17]} Na6 {[%emt 0:00:36]} 9. g5 {[%emt 0:00:39]} Ne8 {[%emt 0:09:57]} 10. h4 {[%emt 0:00:17]} Nc5 {[%emt 0:04:15]} 11. h5 {[%emt 0:00:24]} a4 {[%emt 0:08:21]} 12. Qd2 {[%emt 0:06:20]} Bd7 {[%emt 0:07:55]} 13. f3 {[%emt 0:16:06]} f5 {[%emt 0:09:32]} 14. exf5 {[%emt 0:11:24]} Bxf5 {[%emt 0:00:33]} 15. Nh3 {[%emt 0:06:42]} a3 {[%emt 0:09:17]} 16. b4 {[%emt 0:13:55]} Na4 {[%emt 0:03:34]} 17. Nb5 {[%emt 0:06:58]} c6 {[%emt 0:16:57]} 18. Nxa3 {[%emt 0:07:01]} e4 {[%emt 0:00:09]} 19. Bd4 {[%emt 0:00:36]} Nb6 {[%emt 0:01:42]} 20. Bxg7 {[%emt 0:05:09]} Nxg7 {[%emt 0:00:19]} 21. h6 {[%emt 0:01:49]} Nh5 {[%emt 0:11:49]} 22. Qc3 {[%emt 0:07:40]} exf3 {[%emt 0:02:51]} 23. Qxf3 {[%emt 0:02:06]} Qe7 {[%emt 0:01:49]} 24. Qc3 {[%emt 0:07:46]} Bg4 {[%emt 0:05:39]} 25. Ng1 {[%emt 0:00:18]} Nf4 {[%emt 0:02:01]} 26. Qg7+ {[%emt 0:01:22]} Qxg7 {[%emt 0:00:06]} 27. hxg7 {[%emt 0:00:01]} Rfe8 {[%emt 0:00:05]} 28. O-O-O {[%emt 0:01:09]} Nxe2+ {[%emt 0:01:02]} 29. Nxe2 {[%emt 0:00:11]} Rxa3 {[%emt 0:00:10]} 30. dxc6 {[%emt 0:00:25]} bxc6 {[%emt 0:00:13]} 31. Rxd6 {[%emt 0:00:19]} Bxe2 {[%emt 0:00:13]} 32. Re1 {[%emt 0:01:20]} Nxc4 {[%emt 0:00:46]} 33. Rxc6 {[%emt 0:00:07]} Rc3+ {[%emt 0:00:03] Rd1} 0-1

[Event "69th RUS-ch Women Higher League 2019"]
[Site "Yaroslavl"]
[Date "2019.07.06"]
[Round "9.24"]
[White "Dzutseva, Lana"]
[Black "Schepetkova, Margarita"]
[Result "1/2-1/2"]
[WhiteElo "1325"]
[BlackElo "2241"]
[Annotator "NA"]
[PlyCount "96"]
[EventDate "2019.06.27"]
[EventType "swiss"]
[EventCountry "RUS"]
[SourceTitle "playchess.com"]
[Source "ChessBase"]
[SourceQuality "1"]
[TimeControl "40/5400+30:1800+30"]

1. d4 {[%emt 0:00:00]} Nf6 {[%emt 0:00:00]} 2. c4 {[%emt 0:00:00]} c5 {[%emt 0:00:00]} 3. d5 {[%emt 0:00:00]} b5 {[%emt 0:00:00]} 4. cxb5 {[%emt 0:00:00]} a6 {[%emt 0:00:00]} 5. bxa6 {[%emt 0:00:00]} g6 {[%emt 0:00:00]} 6. Nc3 {[%emt 0:00:00]} Bg7 {[%emt 0:00:04]} 7. e4 {[%emt 0:00:00]} O-O {[%emt 0:00:22]} 8. Bd3 {[%emt 0:05:27]} Bxa6 {[%emt 0:09:50]} 9. Nf3 {[%emt 0:01:35]} d6 {[%emt 0:01:03]} 10. O-O {[%emt 0:01:04]} Nbd7 {[%emt 0:00:03]} 11. Rb1 {[%emt 0:10:29]} Qa5 {[%emt 0:11:13]} 12. Qc2 {[%emt 0:24:37]} Ne8 {[%emt 0:02:41]} 13. a3 {[%emt 0:05:14]} Bxd3 {[%emt 0:08:19]} 14. Qxd3 {[%emt 0:00:14]} Rb8 {[%emt 0:01:49]} 15. Bd2 {[%emt 0:10:58]} Ne5 {[%emt 0:06:56]} 16. Nxe5 {[%emt 0:03:48]} Bxe5 {[%emt 0:00:03]} 17. f4 {[%emt 0:05:25]} Bd4+ {[%emt 0:00:04]} 18. Be3 {[%emt 0:01:43]} Bg7 {[%emt 0:00:14]} 19. Qc4 {[%emt 0:10:23]} Nf6 {[%emt 0:01:38]} 20. h3 {[%emt 0:04:38]} Nd7 {[%emt 0:00:41]} 21. Kh1 {[%emt 0:05:25]} Nb6 {[%emt 0:01:58]} 22. Qd3 {[%emt 0:00:27]} Na4 {[%emt 0:02:04]} 23. Nxa4 {[%emt 0:00:47]} Qxa4 {[%emt 0:00:02]} 24. Rf2 {[%emt 0:01:24]} Rb3 {[%emt 0:00:19]} 25. Qc2 {[%emt 0:00:51]} Rfb8 {[%emt 0:00:48]} 26. Bc1 {[%emt 0:02:34]} Bd4 {[%emt 0:00:30]} 27. Rf3 {[%emt 0:00:17]} c4 {[%emt 0:00:37]} 28. Bd2 {[%emt 0:05:18]} Qa6 {[%emt 0:01:37]} 29. Rxb3 {[%emt 0:00:25]} Rxb3 {[%emt 0:00:06]} 30. Bb4 {[%emt 0:00:41]} Be3 {[%emt 0:06:38]} 31. g3 {[%emt 0:01:00]} Qc8 {[%emt 0:01:16]} 32. Kg2 {[%emt 0:00:25]} Bxf4 {[%emt 0:00:25]} 33. Bc3 {[%emt 0:00:35]} Be5 {[%emt 0:01:50]} 34. Bxe5 {[%emt 0:00:11]} dxe5 {[%emt 0:00:04]} 35. Rc1 {[%emt 0:00:27]} Qa6 {[%emt 0:01:09]} 36. Qe2 {[%emt 0:00:36]} Qb5 {[%emt 0:01:17]} 37. Rc2 {[%emt 0:00:11]} Rd3 {[%emt 0:00:20]} 38. Rd2 {[%emt 0:01:08]} Qb3 {[%emt 0:01:48]} 39. Qf2 {[%emt 0:00:32]} f5 {[%emt 0:05:57]} 40. exf5 {[%emt 0:00:00]} gxf5 {[%emt 0:00:00]} 41. Re2 {[%emt 0:13:16]} e4 {[%emt 0:10:30]} 42. Qxf5 {[%emt 0:04:25]} Rxg3+ {[%emt 0:00:05]} 43. Kh2 {[%emt 0:00:17]} Rg6 {[%emt 0:00:05]} 44. Qf2 {[%emt 0:11:19]} Qb8+ {[%emt 0:01:30]} 45. Kh1 {[%emt 0:00:14]} Qe5 {[%emt 0:00:09]} 46. Qe3 {[%emt 0:03:01]} Rg3 {[%emt 0:03:01]} 47. Qxe4 {[%emt 0:00:39]} Rxh3+ {[%emt 0:00:59]} 48. Kg1 {[%emt 0:00:37]} Qxe4 {[%emt 0:07:57]} 1/2-1/2